| 000 | 00849nam a2200241Ia 4500 | ||
|---|---|---|---|
| 001 | 609 | ||
| 003 | GE_BSU | ||
| 008 | 181216s||||||||xx |||||||||||||| ||und|| | ||
| 040 | _cGE_BSU | ||
| 080 | _a821.358.1.09+94 | ||
| 245 | _aისტორია-ფილოლოგია | ||
| 245 | _b(შრომების კრებული) | ||
| 245 | _cრედ: ზაზა მენთეშაშვილი | ||
| 260 | _aთბილისი | ||
| 260 | _bთბილისის უნ-ტის | ||
| 260 | _c1998 | ||
| 300 | _a471 გვ. | ||
| 541 | _h12 ლ. | ||
| 653 | _aისტორია; ფილოლოგია; ენათმეცნიერება; | ||
| 653 | _aლინგვისტიკა; | ||
| 653 | _aმხატვრული თარგმანის თეორია; | ||
| 942 | _cBK | ||
| 999 |
_c34799 _d34799 |
||